[Event "Wuertemberg-ch Seniors 27th"]
[Site "Freudenstadt"]
[Date "2015.07.07"]
[Round "5"]
[White "Mueller, Herbert"]
[Black "Rauer, Wilhelm"]
[Result "1-0"]
[WhiteElo "1731"]
[BlackElo "1574"]
[PlyCount "37"]
[EventDate "2015.07.03"]
[EventType "swiss"]
[EventRounds "9"]
[EventCountry "GER"]
[SourceTitle "EXT 2016"]
[Source "ChessBase"]
[SourceDate "2015.10.08"]
[SourceVersion "1"]
[SourceVersionDate "2015.10.08"]
[SourceQuality "1"]

1. e4 e6 2. d4 d6 3. Nf3 Nd7 4. Bc4 Be7 5. Nc3 a6 6. 0-0 b5 7. Bd3 h6 8. Re1 Ndf6 9. h3 Nh7 10. a3 Ng5 11. b4 Nxf3+ 12. Qxf3 Bg5 13. e5 Rb8 14. Qg3 Kf8 15. Ne4 Bxc1 16. Raxc1 g5 17. exd6 f5 18. dxc7 Bb7 19. cxb8Q 1-0

[Event "Wuertemberg-ch Seniors 27th"]
[Site "Freudenstadt"]
[Date "2015.07.03"]
[Round "1"]
[White "Mueller, Herbert"]
[Black "Hoeschele, Hans Ulrich"]
[Result "1/2-1/2"]
[WhiteElo "1731"]
[BlackElo "1996"]
[PlyCount "65"]
[EventDate "2015.07.03"]
[EventType "swiss"]
[EventRounds "9"]
[EventCountry "GER"]
[SourceTitle "EXT 2016"]
[Source "ChessBase"]
[SourceDate "2015.10.08"]
[SourceVersion "1"]
[SourceVersionDate "2015.10.08"]
[SourceQuality "1"]

1. e4 c5 2. Nf3 d6 3. d4 cxd4 4. Nxd4 Nf6 5. Nc3 a6 6. Be2 Nc6 7. Be3 g6 8. Qd2 Bg7 9. f4 Bg4 10. 0-0 Bxe2 11. Qxe2 Qc7 12. Rad1 0-0 13. Nd5 Qd8 14. Nxc6 bxc6 15. Bb6 Qd7 16. Nxf6+ Bxf6 17. e5 Bg7 18. b3 Qe6 19. Bd4 dxe5 20. fxe5 Rfd8 21. Ba1 a5 22. c4 f5 23. Rfe1 a4 24. Rxd8+ Rxd8 25. bxa4 Ra8 26. Qc2 Ra5 27. c5 Qd5 28. Qb3 Qxb3 29. axb3 Rxc5 30. Bb2 e6 31. Re2 Kf7 32. Kf2 Ke8 33. Kf3 1/2-1/2

[Event "Ruhrgebiet VK1 0708"]
[Site "Germany"]
[Date "2008.04.27"]
[Round "9.1"]
[White "Soehnchen, Andreas"]
[Black "Mueller, Herbert"]
[Result "1-0"]
[WhiteElo "2082"]
[BlackElo "2058"]
[PlyCount "51"]
[EventDate "2007.09.16"]
[EventType "team"]
[EventRounds "9"]
[EventCountry "GER"]
[SourceTitle "EXT 2009"]
[Source "ChessBase"]
[SourceDate "2008.11.26"]
[SourceVersion "1"]
[SourceVersionDate "2008.11.26"]
[SourceQuality "1"]
[WhiteTeam "Oberhausen II"]
[BlackTeam "Gerthe"]
[WhiteTeamCountry "GER"]
[BlackTeamCountry "GER"]

1. d4 b6 2. e4 e6 3. Bd3 Bb7 4. Nf3 c5 5. c3 Nf6 6. Qe2 Be7 7. 0-0 Nc6 8. e5 Nd5 9. dxc5 bxc5 10. c4 Nb6 11. Nc3 Nb4 12. Bb1 Bxf3 13. Qxf3 Nc6 14. Qg3 Kf8 15. b3 d5 16. cxd5 Nxd5 17. Ne4 Bh4 18. Qh3 Nxe5 19. Nxc5 Bf6 20. Be4 Be7 21. Nxe6+ fxe6 22. Qxe6 Nc7 23. Qxe5 Bf6 24. Ba3+ Kg8 25. Qc5 Bd4 26. Qc4+ 1-0

[Event "Ruhrgebiet VK1 0708"]
[Site "Germany"]
[Date "2008.04.06"]
[Round "8.1"]
[White "Mueller, Herbert"]
[Black "Limbourg, Philipp"]
[Result "0-1"]
[WhiteElo "2058"]
[BlackElo "2196"]
[PlyCount "114"]
[EventDate "2007.09.16"]
[EventType "team"]
[EventRounds "9"]
[EventCountry "GER"]
[SourceTitle "EXT 2009"]
[Source "ChessBase"]
[SourceDate "2008.11.26"]
[SourceVersion "1"]
[SourceVersionDate "2008.11.26"]
[SourceQuality "1"]
[WhiteTeam "Gerthe"]
[BlackTeam "Muelheim Nord III"]
[WhiteTeamCountry "GER"]
[BlackTeamCountry "GER"]

1. d4 e6 2. Nf3 f5 3. c4 Nf6 4. Bg5 c6 5. Nc3 d5 6. e3 Be7 7. Bxf6 Bxf6 8. Bd3 0-0 9. 0-0 Bd7 10. Qe2 Be8 11. Ne5 Bxe5 12. dxe5 Nd7 13. f4 Nc5 14. b4 Nxd3 15. Qxd3 Qb6 16. cxd5 cxd5 17. Qd4 Qxd4 18. exd4 Rc8 19. Rfc1 Rc4 20. Ne2 Rxb4 21. Rab1 Rxb1 22. Rxb1 Bc6 23. Nc1 Rc8 24. Nd3 b6 25. Rc1 Kf7 26. Nb4 Bb7 27. Rxc8 Bxc8 28. Kf2 a5 29. Nd3 Ke7 30. Ke3 Ba6 31. Nb2 Kd7 32. Kd2 Bf1 33. g3 b5 34. a3 Kc6 35. Kc3 Be2 36. Kd2 Bc4 37. Kc3 Kd7 38. Nd1 Ke7 39. Nf2 Bf1 40. g4 fxg4 41. Nxg4 Kf7 42. f5 Bc4 43. fxe6+ Kxe6 44. Ne3 h6 45. Nc2 g5 46. Ne3 h5 47. Ng2 Bf1 48. Ne3 Bc4 49. Ng2 h4 50. Ne3 Be2 51. Kd2 Bh5 52. Ng2 Bf3 53. Ne3 g4 54. Nf1 b4 55. axb4 axb4 56. Kc2 Be2 57. Ne3 g3 0-1

[Event "Ruhrgebiet VK1 0708"]
[Site "Germany"]
[Date "2008.01.20"]
[Round "5.1"]
[White "Mueller, Herbert"]
[Black "Barskij, Alexander"]
[Result "1/2-1/2"]
[WhiteElo "2058"]
[BlackElo "1993"]
[PlyCount "110"]
[EventDate "2007.09.16"]
[EventType "team"]
[EventRounds "9"]
[EventCountry "GER"]
[SourceTitle "EXT 2009"]
[Source "ChessBase"]
[SourceDate "2008.11.26"]
[SourceVersion "1"]
[SourceVersionDate "2008.11.26"]
[SourceQuality "1"]
[WhiteTeam "Gerthe"]
[BlackTeam "Brackel III"]
[WhiteTeamCountry "GER"]
[BlackTeamCountry "GER"]

1. d4 Nf6 2. Nf3 g6 3. c4 Bg7 4. Nc3 d5 5. e3 0-0 6. Qb3 dxc4 7. Bxc4 c5 8. d5 Qb6 9. Qxb6 axb6 10. e4 Ng4 11. Bg5 e6 12. 0-0 Na6 13. Na4 b5 14. Nb6 bxc4 15. Nxa8 exd5 16. exd5 Bf5 17. Nb6 Bxb2 18. Nxc4 Bxa1 19. Rxa1 f6 20. Bf4 Rd8 21. Nd6 Ne5 22. Nxe5 Rxd6 23. Nxg6 Rd7 24. Nh4 Rxd5 25. Nxf5 Rxf5 26. g3 Rd5 27. Rb1 Rd7 28. Rb6 Kf7 29. a4 c4 30. Rb2 Ke6 31. Rc2 Kd5 32. Rd2+ Kc6 33. Rc2 Kc5 34. Rb2 c3 35. Rb5+ Kc4 36. Rb6 Nc5 37. a5 Ne4 38. a6 bxa6 39. Rxa6 c2 40. Rc6+ Kb3 41. Rb6+ Kc4 42. Rc6+ Kd3 43. Kg2 Rd5 44. Rc7 Nd2 45. Be3 Nb3 46. Rxh7 c1Q 47. Bxc1 Nxc1 48. h4 Ke4 49. f3+ Kf5 50. Rh5+ Ke6 51. Rxd5 Kxd5 52. f4 Nd3 53. Kf3 Ke6 54. g4 Nc5 55. f5+ Kf7 1/2-1/2

[Event "Ruhrgebiet Seniors op 13th"]
[Site "Essen"]
[Date "2006.04.06"]
[Round "6"]
[White "Krueger, Erich"]
[Black "Mueller, Herbert"]
[Result "1/2-1/2"]
[WhiteElo "2098"]
[BlackElo "1982"]
[PlyCount "148"]
[EventDate "2006.03.28"]
[EventType "swiss"]
[EventRounds "9"]
[EventCountry "GER"]
[SourceTitle "EXT 2007"]
[Source "ChessBase"]
[SourceDate "2006.11.23"]
[SourceVersion "1"]
[SourceVersionDate "2006.11.23"]
[SourceQuality "1"]

1. d4 e6 2. c4 b6 3. e4 Bb7 4. Bd3 Bb4+ 5. Bd2 Qe7 6. Nc3 f5 7. Qh5+ g6 8. Qe2 Nf6 9. f3 Bxc3 10. Bxc3 fxe4 11. Bc2 0-0 12. 0-0-0 d5 13. fxe4 Nxe4 14. Bxe4 dxe4 15. Nh3 Nd7 16. Qd2 Rad8 17. Rhe1 Ne5 18. Qg5 Qxg5+ 19. Nxg5 Nd3+ 20. Rxd3 exd3 21. Nxe6 Rde8 22. Nxf8 Rxe1+ 23. Bxe1 Kxf8 24. Bg3 Bxg2 25. Bxc7 Ke7 26. Kd2 Be4 27. d5 g5 28. a4 Kd7 29. Be5 h5 30. Bf6 g4 31. Ke3 Bg6 32. Bc3 Kd6 33. b4 a6 34. Be1 Kc7 35. a5 bxa5 36. bxa5 Kd6 37. Kd4 h4 38. c5+ Kc7 39. Ke3 g3 40. hxg3 h3 41. g4 Kd7 42. Bg3 Be4 43. c6+ Kc8 44. d6 Bxc6 45. Kxd3 Kd7 46. Kd4 Ke6 47. Kc5 Bb5 48. Kb6 Kd7 49. Kb7 Be2 50. g5 Bd3 51. Bh2 Kd8 52. Kc6 Be4+ 53. Kc5 Bf5 54. Kd5 Ke8 55. Ke5 Bg4 56. g6 Be2 57. Kf6 Bd3 58. Kg7 Bc2 59. Kh6 Bb3 60. Kh7 Bc2 61. Kg7 Bd3 62. Kf6 Bc4 63. Bg3 Bb3 64. Ke5 Kd7 65. Kd4 Kc6 66. Ke5 Kd7 67. Kf6 Ke8 68. Kg5 Bc4 69. Kf6 Bb3 70. Ke5 Kd7 71. Kf6 Ke8 72. Kg7 Bc2 73. Kh6 Bb3 74. Kh7 Bc2 1/2-1/2

[Event "Ruhrgebiet Seniors op 13th"]
[Site "Essen"]
[Date "2006.04.05"]
[Round "5"]
[White "Mueller, Herbert"]
[Black "Mazurkiewicz, Kazimierz"]
[Result "1-0"]
[WhiteElo "1982"]
[BlackElo "1961"]
[PlyCount "87"]
[EventDate "2006.03.28"]
[EventType "swiss"]
[EventRounds "9"]
[EventCountry "GER"]
[SourceTitle "EXT 2007"]
[Source "ChessBase"]
[SourceDate "2006.11.23"]
[SourceVersion "1"]
[SourceVersionDate "2006.11.23"]
[SourceQuality "1"]

1. d4 Nf6 2. Nf3 e6 3. c4 c5 4. e3 b6 5. Nc3 Bb7 6. Bd3 d5 7. cxd5 Nxd5 8. 0-0 Nd7 9. Nxd5 Bxd5 10. Bb5 a6 11. Ba4 b5 12. Bc2 f5 13. Re1 cxd4 14. e4 fxe4 15. Bxe4 Nf6 16. Bxd5 Qxd5 17. Qxd4 0-0-0 18. Be3 Qxd4 19. Bxd4 Bb4 20. Rxe6 Rd6 21. Rxd6 Bxd6 22. Bxf6 gxf6 23. Re1 Rd8 24. g3 Kd7 25. Rd1 Re8 26. Kf1 Kc7 27. b3 Be5 28. Re1 Kd6 29. Nxe5 fxe5 30. Re4 Rc8 31. Rh4 Rc1+ 32. Kg2 a5 33. Rh6+ Kc5 34. Rxh7 Kb4 35. Ra7 Ra1 36. h4 Rxa2 37. h5 Rd2 38. h6 Rd6 39. h7 Rh6 40. g4 a4 41. bxa4 bxa4 42. g5 Rh5 43. g6 a3 44. Ra8 1-0

[Event "GER-ch Seniors-A 17th"]
[Site "Essen"]
[Date "2005.08.20"]
[Round "1"]
[White "Mueller, Herbert"]
[Black "Malik, Heinz"]
[Result "1/2-1/2"]
[WhiteElo "2093"]
[BlackElo "1864"]
[PlyCount "37"]
[EventDate "2005.08.20"]
[EventType "swiss"]
[EventRounds "9"]
[EventCountry "GER"]
[SourceTitle "CBM 108 Extra"]
[Source "ChessBase"]
[SourceDate "2005.11.04"]
[SourceVersion "1"]
[SourceVersionDate "2005.11.04"]
[SourceQuality "1"]

1. d4 Nf6 2. Nf3 e6 3. c4 d5 4. e3 b6 5. cxd5 exd5 6. Nc3 Bd6 7. Bd3 0-0 8. h3 Ba6 9. 0-0 Bxd3 10. Qxd3 Nbd7 11. b3 Re8 12. Bb2 c5 13. Rfd1 cxd4 14. exd4 Rc8 15. Re1 Rxe1+ 16. Rxe1 Bb4 17. Rc1 Bxc3 18. Rxc3 Rxc3 19. Qxc3 1/2-1/2

[Event "Ruhrgebiet Seniors op 12th"]
[Site "Essen"]
[Date "2005.04.18"]
[Round "7"]
[White "Mueller, Herbert"]
[Black "Mazurkiewicz, Kazimierz"]
[Result "1-0"]
[WhiteElo "2019"]
[BlackElo "1880"]
[PlyCount "120"]
[EventDate "2005.04.04"]
[EventType "swiss"]
[EventRounds "9"]
[EventCountry "GER"]
[SourceTitle "EXT 2007"]
[Source "ChessBase"]
[SourceDate "2006.11.23"]
[SourceVersion "1"]
[SourceVersionDate "2006.11.23"]
[SourceQuality "1"]

1. d4 d5 2. c4 c6 3. cxd5 cxd5 4. Nf3 Nf6 5. Nc3 Nc6 6. Ne5 e6 7. Qa4 Qb6 8. e3 Nd7 9. Nd3 Be7 10. Be2 0-0 11. 0-0 a6 12. Bd2 Qa7 13. Qc2 Nb6 14. b3 Bd7 15. a4 Nb4 16. Qb2 Nxd3 17. Bxd3 f5 18. Rfc1 Rac8 19. Ne2 Qb8 20. Rxc8 Rxc8 21. Rc1 Kf7 22. Ba5 Qd6 23. Rxc8 Nxc8 24. Qc2 Bc6 25. Bd2 Nb6 26. Nc1 Be8 27. Be2 Qc6 28. Qxc6 Bxc6 29. Nd3 Nd7 30. Nb4 Bxb4 31. Bxb4 e5 32. Kf1 g5 33. Bc3 e4 34. f3 Nf6 35. Kf2 Kg6 36. Bb4 g4 37. f4 Nh5 38. Bd6 Bd7 39. Be5 Bc6 40. g3 Nf6 41. Ke1 Nd7 42. Bc7 Kf7 43. Kd2 Ke7 44. Kc3 Nf8 45. Kb4 Kd7 46. Be5 Ne6 47. Ka5 Nc7 48. Kb6 Na8+ 49. Ka5 Kc8 50. b4 Be8 51. b5 axb5 52. Bxb5 Bf7 53. Kb4 b6 54. a5 bxa5+ 55. Kxa5 Nc7 56. Bc6 Be8 57. Kb6 Bxc6 58. Kxc6 Na8 59. Kxd5 Kd7 60. Kc5 h6 1-0

[Event "Essen op04"]
[Site "Essen"]
[Date "2005.04.12"]
[Round "5"]
[White "Mueller, Herbert"]
[Black "Skara, Milenko"]
[Result "1-0"]
[WhiteElo "2019"]
[BlackElo "1852"]
[PlyCount "73"]
[EventDate "2005.04.04"]
[EventType "swiss"]
[EventRounds "9"]
[EventCountry "GER"]
[SourceTitle "EXT 2007"]
[Source "ChessBase"]
[SourceDate "2006.11.23"]
[SourceVersion "1"]
[SourceVersionDate "2006.11.23"]
[SourceQuality "1"]

1. d4 d5 2. c4 e6 3. Nc3 Nf6 4. e3 c5 5. Nf3 Nc6 6. a3 a6 7. b3 Be7 8. dxc5 Bxc5 9. b4 Ba7 10. Bb2 0-0 11. Qc2 Qe7 12. Bd3 dxc4 13. Bxc4 b5 14. Bd3 Bb7 15. Ne4 Nd5 16. 0-0 Rac8 17. Qe2 f5 18. Ned2 e5 19. Bb1 Kh8 20. Ba2 Nf6 21. Rac1 Bb8 22. Ng5 Ng4 23. Ne6 Rf6 24. h3 Rh6 25. Nf3 Rxe6 26. Bxe6 Qxe6 27. hxg4 fxg4 28. Nh2 h5 29. Rfd1 Rf8 30. Rd2 Qf5 31. Qd3 e4 32. Qd7 Qg5 33. Qxb7 Ne5 34. Bxe5 Bxe5 35. Qxe4 g3 36. Nf3 gxf2+ 37. Rxf2 1-0

[Event "Ruhrgebiet VL2 0405"]
[Site "Ruhrgebiet"]
[Date "2005.03.13"]
[Round "8.4"]
[White "Mueller, Herbert"]
[Black "Wagner, Ralf"]
[Result "0-1"]
[WhiteElo "1964"]
[BlackElo "1997"]
[PlyCount "94"]
[EventDate "2004.09.12"]
[EventType "team"]
[EventRounds "9"]
[EventCountry "GER"]
[SourceTitle "EXT 2006"]
[Source "ChessBase"]
[SourceDate "2005.11.24"]
[SourceVersion "1"]
[SourceVersionDate "2005.11.24"]
[SourceQuality "1"]
[WhiteTeam "Bochum Post"]
[BlackTeam "Ahlen"]
[WhiteTeamCountry "GER"]
[BlackTeamCountry "GER"]

1. d4 Nf6 2. Nf3 e6 3. c4 c5 4. e3 cxd4 5. exd4 d5 6. Nc3 dxc4 7. Bxc4 Be7 8. 0-0 0-0 9. Qe2 Nbd7 10. Rd1 Nb6 11. Bb3 Nbd5 12. Bg5 Nxc3 13. bxc3 Nd5 14. Bxe7 Nxe7 15. c4 Ng6 16. Ne5 Ne7 17. Bc2 f6 18. Qh5 f5 19. Rd3 Bd7 20. Rh3 h6 21. Rg3 Rf6 22. Rd1 Be8 23. Qe2 a5 24. f4 a4 25. a3 Qb6 26. Qf2 Qc7 27. Rb1 Rd8 28. Rb4 Ra8 29. Qe2 b5 30. cxb5 Nd5 31. b6 Nxb6 32. Qd2 Rc8 33. h3 Rf8 34. Kh2 Qa7 35. Ng6 Rf7 36. Rc3 Rxc3 37. Qxc3 Rc7 38. Qb2 Bxg6 39. Rxb6 Rxc2 40. Rb8+ Kh7 41. Qb4 Qc7 42. d5 exd5 43. Rb7 Qc4 44. Rxg7+ Kxg7 45. Qe7+ Bf7 46. Qe5+ Kg6 47. h4 Qe4 0-1

[Event "Zuerich op-B 28th"]
[Site "Zuerich"]
[Date "2004.12.??"]
[Round "3"]
[White "Poun, Kirivongkat"]
[Black "Mueller, Herbert"]
[Result "1-0"]
[WhiteElo "1945"]
[BlackElo "1786"]
[PlyCount "45"]
[EventDate "2004.12.26"]
[EventType "swiss"]
[EventRounds "7"]
[EventCountry "SUI"]
[SourceTitle "EXT 2006"]
[Source "ChessBase"]
[SourceDate "2005.11.24"]
[SourceVersion "1"]
[SourceVersionDate "2005.11.24"]
[SourceQuality "1"]

1. e4 e6 2. d4 d5 3. e5 c5 4. c3 Nc6 5. Nf3 Qb6 6. Bd3 Bd7 7. dxc5 Bxc5 8. 0-0 Nh6 9. b4 Be7 10. a4 Ng4 11. Qe2 f6 12. exf6 Bxf6 13. h3 Nge5 14. Nxe5 Nxe5 15. a5 Qc7 16. Bf4 0-0 17. Re1 Nf3+ 18. Qxf3 e5 19. Qxd5+ Kh8 20. Qe4 g6 21. Bxe5 Qxe5 22. Qxe5 Rae8 23. Qxe8 1-0

[Event "Ruhrgebiet VL2 0405"]
[Site "Ruhrgebiet"]
[Date "2004.11.07"]
[Round "3.4"]
[White "Mueller, Herbert"]
[Black "Wolff, Christoph"]
[Result "1-0"]
[WhiteElo "1964"]
[BlackElo "1977"]
[PlyCount "76"]
[EventDate "2004.09.12"]
[EventType "team"]
[EventRounds "9"]
[EventCountry "GER"]
[SourceTitle "EXT 2006"]
[Source "ChessBase"]
[SourceDate "2005.11.24"]
[SourceVersion "1"]
[SourceVersionDate "2005.11.24"]
[SourceQuality "1"]
[WhiteTeam "Bochum Post"]
[BlackTeam "Horst"]
[WhiteTeamCountry "GER"]
[BlackTeamCountry "GER"]

1. d4 Nf6 2. Nf3 g6 3. c4 Bg7 4. Nc3 d5 5. e3 0-0 6. Qb3 e6 7. Bd2 b6 8. cxd5 exd5 9. Bd3 Bb7 10. 0-0 Nbd7 11. Rac1 Re8 12. Rfd1 c6 13. a4 Ne4 14. Be1 Nxc3 15. Bxc3 Qc7 16. Bf1 Rac8 17. Qa2 Nf6 18. b4 Ne4 19. Be1 Qd6 20. b5 c5 21. dxc5 Rxc5 22. Qa3 Rec8 23. Rxc5 Qxc5 24. Qxc5 Nxc5 25. a5 Nb3 26. a6 Ba8 27. Rb1 Na5 28. Nd4 Kf8 29. Bxa5 bxa5 30. Ra1 Ke7 31. Rxa5 Kf6 32. Ra1 Rc3 33. b6 Bc6 34. Nxc6 Rxc6 35. bxa7 Rc8 36. Rb1 Ra8 37. Rb7 Ke6 38. Bb5 Bf8 1-0

[Event "Bochum-ch"]
[Site "Bochum"]
[Date "2004.06.09"]
[Round "6"]
[White "Mueller, Herbert"]
[Black "Richter, Bernd"]
[Result "1-0"]
[WhiteElo "1989"]
[BlackElo "1691"]
[PlyCount "123"]
[EventDate "2004.05.05"]
[EventType "swiss"]
[EventRounds "7"]
[EventCountry "GER"]
[SourceTitle "EXT 2006"]
[Source "ChessBase"]
[SourceDate "2005.11.24"]
[SourceVersion "1"]
[SourceVersionDate "2005.11.24"]
[SourceQuality "1"]

1. d4 Nf6 2. Nf3 d5 3. c4 c6 4. cxd5 cxd5 5. Nc3 e6 6. Bf4 Bd6 7. e3 Bxf4 8. exf4 Nc6 9. Bd3 Bd7 10. Rc1 a6 11. Qd2 b5 12. 0-0 0-0 13. Rfe1 h6 14. h3 Ne8 15. Bb1 Nd6 16. b3 f5 17. Ne5 Nxe5 18. fxe5 Ne4 19. Bxe4 dxe4 20. d5 Rc8 21. d6 Rc5 22. Qd4 Qc8 23. Ne2 Rc2 24. Qa7 Rxe2 25. Rxc8 Rxe1+ 26. Kh2 Bxc8 27. d7 Rc1 28. dxc8Q Rfxc8 29. Qxa6 R8c6 30. Qxb5 R1c5 31. Qa4 Rc8 32. Qd7 R5c6 33. b4 R8c7 34. Qe8+ Kh7 35. b5 Rc2 36. b6 Rb7 37. Qxe6 Rxf2 38. Qc6 e3 39. Qc5 Rxa2 40. Qxe3 Re7 41. Qc5 Re8 42. b7 Re2 43. Qc8 R2xe5 44. b8Q Rxc8 45. Qxc8 Kg6 46. Qc6+ Kf7 47. Kg3 Re6 48. Qd5 Kf6 49. Kf3 Re5 50. Qd6+ Re6 51. Qf8+ Kg6 52. h4 Rf6 53. h5+ Kxh5 54. Qxg7 Rg6 55. Qe5 Rg5 56. Qe8+ Kh4 57. Qe7 Kh5 58. Qf7+ Kh4 59. Qf6 Kh5 60. g3 f4 61. Qf7+ Rg6 62. gxf4 1-0

[Event "Ruhrgebiet-ch Seniors 11th"]
[Site "Essen"]
[Date "2004.03.23"]
[Round "8"]
[White "Mazurkiewicz, Kazimierz"]
[Black "Mueller, Herbert"]
[Result "1/2-1/2"]
[WhiteElo "1989"]
[BlackElo "2019"]
[PlyCount "123"]
[EventDate "2004.03.08"]
[EventType "swiss"]
[EventRounds "9"]
[EventCountry "GER"]
[SourceTitle "EXT 2006"]
[Source "ChessBase"]
[SourceDate "2005.11.24"]
[SourceVersion "1"]
[SourceVersionDate "2005.11.24"]
[SourceQuality "1"]

1. c4 b6 2. d4 e6 3. Nf3 Bb7 4. g3 Nf6 5. Bg2 Ne4 6. 0-0 Be7 7. Nfd2 f5 8. Nxe4 Bxe4 9. f3 Bb7 10. e4 0-0 11. Nc3 Nc6 12. Be3 Qe8 13. Nb5 Bd8 14. d5 Ne5 15. Qb3 fxe4 16. fxe4 Ng4 17. Rxf8+ Qxf8 18. Rf1 Qe7 19. Re1 Nxe3 20. Qxe3 e5 21. d6 cxd6 22. Rd1 d5 23. exd5 d6 24. Bh3 Bc8 25. Bxc8 Rxc8 26. Qa3 Rxc4 27. Nxd6 Rd4 28. Rxd4 exd4 29. Nc8 Qe1+ 30. Kg2 Qe2+ 31. Kh3 Qh5+ 32. Kg2 Qxd5+ 33. Qf3 Qd7 34. Qb3+ Kh8 35. Qf3 h6 36. Qf8+ Kh7 37. Nd6 Bf6 38. Ne4 Qd5 39. Qe8 d3 40. Kf1 Bd4 41. b3 Be5 42. Nf2 Qd4 43. Qe6 g6 44. Qg4 Qa1+ 45. Qd1 Qxa2 46. Qxd3 Qa1+ 47. Ke2 Bd4 48. Nd1 a6 49. g4 b5 50. h4 Bg7 51. Ne3 Qd4 52. h5 Qxd3+ 53. Kxd3 gxh5 54. gxh5 a5 55. Nf5 a4 56. bxa4 bxa4 57. Nd4 a3 58. Nc2 a2 59. Kc4 Bb2 60. Kb3 a1Q 61. Nxa1 Bxa1 62. Kc2 1/2-1/2

[Event "Ruhrgebiet-ch Seniors 11th"]
[Site "Essen"]
[Date "2004.03.10"]
[Round "3"]
[White "Thiemann, Johannes"]
[Black "Mueller, Herbert"]
[Result "0-1"]
[WhiteElo "1653"]
[BlackElo "2019"]
[PlyCount "100"]
[EventDate "2004.03.08"]
[EventType "swiss"]
[EventRounds "9"]
[EventCountry "GER"]
[SourceTitle "EXT 2006"]
[Source "ChessBase"]
[SourceDate "2005.11.24"]
[SourceVersion "1"]
[SourceVersionDate "2005.11.24"]
[SourceQuality "1"]

1. d4 e6 2. c4 b6 3. Nc3 Bb4 4. Nf3 Bb7 5. Qc2 f5 6. g3 Nf6 7. Bg5 h6 8. Bd2 Ne4 9. Bg2 Nxd2 10. Qxd2 0-0 11. 0-0 Qf6 12. a3 Bxc3 13. bxc3 Nc6 14. Ne5 Rad8 15. Rab1 Na5 16. Bxb7 Nxb7 17. Qf4 Na5 18. Qf3 Kh7 19. Rb4 c5 20. Ra4 Qe7 21. Qh5 Rf6 22. Nd3 d6 23. dxc5 dxc5 24. Ne5 g6 25. Qf3 Qe8 26. Rxa5 bxa5 27. Qb7+ Kg8 28. Rb1 Ra8 29. Rb5 Qc8 30. Qe7 Qd8 31. Qxc5 Qd1+ 32. Kg2 Qxe2 33. Qc6 Qe4+ 34. Qxe4 fxe4 35. Ng4 Rff8 36. Re5 h5 37. Ne3 Rad8 38. Nf1 Rd3 39. Rxe4 Rdf3 40. Re2 Rxc3 41. Rxe6 Rc2 42. Ne3 Rcxf2+ 43. Kh3 Re2 44. Re7 Rf3 45. Nf5 Rxe7 46. Nxe7+ Kf7 47. Nc6 Rxa3 48. Nxa7 Rc3 49. Nc6 a4 50. Na5 a3 0-1

[Event "Ruhrgebiet VL2 0304"]
[Site "Ruhrgebiet"]
[Date "2003.10.19"]
[Round "2.4"]
[White "Delvos, Thorsten"]
[Black "Mueller, Herbert"]
[Result "1/2-1/2"]
[WhiteElo "1922"]
[BlackElo "2017"]
[PlyCount "71"]
[EventDate "2003.09.28"]
[EventType "team"]
[EventRounds "9"]
[EventCountry "GER"]
[SourceTitle "EXT 2007"]
[Source "ChessBase"]
[SourceDate "2006.11.23"]
[SourceVersion "1"]
[SourceVersionDate "2006.11.23"]
[SourceQuality "1"]
[WhiteTeam "Mengede SG"]
[BlackTeam "Bochum Post"]
[WhiteTeamCountry "GER"]
[BlackTeamCountry "GER"]

1. d4 e6 2. c4 b6 3. Nc3 Bb4 4. Nf3 Bb7 5. g3 Nf6 6. Bg5 h6 7. Bxf6 Qxf6 8. Bg2 c5 9. 0-0 cxd4 10. Nb5 Na6 11. Qxd4 Qxd4 12. Nfxd4 Bxg2 13. Kxg2 0-0 14. Rfd1 Rfd8 15. e4 Bc5 16. Nc2 Nb4 17. Nxb4 Bxb4 18. Rd3 a6 19. Nd4 Rac8 20. b3 Kf8 21. Rad1 Ke8 22. f4 Bc5 23. e5 d5 24. exd6 Rxd6 25. Ne2 Rxd3 26. Rxd3 Rd8 27. Rxd8+ Kxd8 28. Kf3 f5 29. Nc1 Kd7 30. Nd3 Bd4 31. h3 Kd6 32. Ke2 e5 33. fxe5+ Bxe5 34. Nxe5 Kxe5 35. Kd3 g5 36. b4 1/2-1/2

[Event "Bochum La Cantina op"]
[Site "Bochum"]
[Date "2003.09.22"]
[Round "1"]
[White "Mueller, Herbert"]
[Black "Straeter, Timo"]
[Result "0-1"]
[WhiteElo "2116"]
[BlackElo "2326"]
[PlyCount "92"]
[EventDate "2003.09.??"]
[EventType "swiss"]
[EventRounds "9"]
[EventCountry "GER"]
[SourceTitle "EXT 2004"]
[Source "ChessBase"]
[SourceDate "2003.11.25"]
[SourceVersion "1"]
[SourceVersionDate "2003.11.25"]
[SourceQuality "1"]

1. d4 d5 2. Bg5 h6 3. Bh4 c6 4. c3 Bf5 5. e3 Qb6 6. b3 Nd7 7. Bd3 Bxd3 8. Qxd3 e5 9. Nd2 e4 10. Qc2 Ne7 11. Bxe7 Bxe7 12. Ne2 0-0 13. 0-0 f5 14. Nf4 Bd6 15. g3 g5 16. Ng2 f4 17. c4 f3 18. c5 Qd8 19. cxd6 fxg2 20. Kxg2 g4 21. Nxe4 dxe4 22. Qxe4 Qg5 23. Qe6+ Rf7 24. f3 Nf6 25. fxg4 Re8 26. Qf5 Qxg4 27. Rae1 Qe4+ 28. Kh3 Qxf5+ 29. Rxf5 Ne4 30. Rxf7 Kxf7 31. d7 Rd8 32. Kg4 Rxd7 33. Kh5 Rd5+ 34. Kg4 Ke6 35. Rf1 Rg5+ 36. Kh4 Nf6 37. Kh3 Rh5+ 38. Kg2 Ng4 39. Rf8 Rxh2+ 40. Kg1 Rxa2 41. Rg8 Nf6 42. Rg7 b6 43. Rc7 Kd5 44. Rf7 Ng4 45. Rf5+ Ke6 46. Rh5 Ra1+ 0-1

[Event "Bochum-ch"]
[Site "Bochum"]
[Date "2002.12.04"]
[Round "7"]
[White "Boehm, Ingo"]
[Black "Mueller, Herbert"]
[Result "1/2-1/2"]
[WhiteElo "2081"]
[BlackElo "2116"]
[PlyCount "60"]
[EventDate "2002.10.23"]
[EventType "swiss"]
[EventRounds "9"]
[EventCountry "GER"]
[SourceTitle "EXT 2006"]
[Source "ChessBase"]
[SourceDate "2005.11.24"]
[SourceVersion "1"]
[SourceVersionDate "2005.11.24"]
[SourceQuality "1"]

1. e4 d6 2. d4 Nf6 3. Nc3 c6 4. g3 Bg4 5. f3 Bh5 6. Nh3 Qa5 7. Be2 e5 8. Be3 Nbd7 9. Qd2 Be7 10. 0-0 0-0 11. Nd5 Qd8 12. Nxe7+ Qxe7 13. Rad1 Rfd8 14. Nf2 d5 15. g4 Bg6 16. g5 Ne8 17. exd5 cxd5 18. Nd3 e4 19. Nf4 Qxg5+ 20. Kh1 Qf5 21. fxe4 Qxe4+ 22. Bf3 Qxc2 23. Nxd5 Qxd2 24. Ne7+ Kf8 25. Nxg6+ hxg6 26. Rxd2 Nd6 27. Bf4 Nf6 28. Bxd6+ Rxd6 29. Bxb7 Rad8 30. Rfd1 Nd5 1/2-1/2

[Event "Bochum-ch"]
[Site "Bochum"]
[Date "2002.10.30"]
[Round "2"]
[White "Mueller, Herbert"]
[Black "Kaden, Uwe"]
[Result "1-0"]
[WhiteElo "2116"]
[BlackElo "1909"]
[PlyCount "75"]
[EventDate "2002.10.23"]
[EventType "swiss"]
[EventRounds "9"]
[EventCountry "GER"]
[SourceTitle "EXT 2006"]
[Source "ChessBase"]
[SourceDate "2005.11.24"]
[SourceVersion "1"]
[SourceVersionDate "2005.11.24"]
[SourceQuality "1"]

1. d4 Nf6 2. Nf3 d5 3. c4 c6 4. cxd5 cxd5 5. Nc3 Nc6 6. Bf4 a6 7. Ne5 Nh5 8. Nxc6 bxc6 9. Bd2 Qb6 10. e3 Nf6 11. Na4 Qa7 12. Nc5 Nd7 13. b4 Nxc5 14. bxc5 Bf5 15. Ba5 e6 16. Bd3 Bxd3 17. Qxd3 Rb8 18. 0-0 Be7 19. Rab1 0-0 20. h3 Rb5 21. Bb6 Qa8 22. a4 Rxb1 23. Rxb1 Rb8 24. Ba5 Rxb1+ 25. Qxb1 Qa7 26. Kf1 f5 27. Ke2 Kf7 28. f3 Ke8 29. e4 g6 30. g4 fxe4 31. fxe4 Kd7 32. exd5 exd5 33. Kd3 Bd8 34. Bxd8 Kxd8 35. a5 Qc7 36. Qb6 Kd7 37. Qxc7+ Kxc7 38. g5 1-0